Visualização normal
Visualização MARC
Entrada Personal Name
Número de registros usados em: 1
001 - CONTROL NUMBER
- control field: 216
003 - CONTROL NUMBER IDENTIFIER
- control field: OSt
005 - DATE AND TIME OF LATEST TRANSACTION
- control field: 20250210204022.0
008 - FIXED-LENGTH DATA ELEMENTS
- fixed length control field: 250210|| aca||aabn | a|a d
040 ## - CATALOGING SOURCE
- Original cataloging agency: OSt
100 1# - HEADING--PERSONAL NAME
- Personal name: Campos, Nelson Renato Palaia Ribeiro de
400 ## - SEE FROM TRACING--PERSONAL NAME
- Personal name: Palaia, Nelson
400 ## - SEE FROM TRACING--PERSONAL NAME
- Personal name: Ribeiro de Campos, Nelson Renato Palaia
670 ## - SOURCE DATA FOUND
- Source citation: BN on-line (10-02-2025)
